| 000 | 01490naa a22003377a 4500 | ||
|---|---|---|---|
| 001 | BR9211986 | ||
| 003 | BR-BrBNA | ||
| 005 | 20250721155423.0 | ||
| 007 | ta | ||
| 008 | 250630b bl.|||m| |||| 00| 0 por d | ||
| 040 |
_aBR-BrBNA _bpor _cBiblioteca Nacional de Agricultura |
||
| 041 | _a(Pt) | ||
| 072 |
_aH20 _b0180 |
||
| 090 | _aH20 BR9211986 | ||
| 100 | 1 | _aSantos, H.P. dos | |
| 100 | 1 | _aReis, E.M. | |
| 100 | 1 | _aPereira, L.R. | |
| 111 | 1 |
_a15. Reuniao Nacional de Pesquisa de Trigo _cPasso Fundo, RS (Brazil) _d19-23 Sep 1988 |
|
| 245 | 1 | _aRotacao de culturas. 18. avaliacao do rendimento de graos de trigo e de doencas do sistema radicular, observando-se um intervalo de dois anos de rotacao com outras culturas de inverno de 1979 a 1987 | |
| 500 | _aResultados de pesquisa do Centro Nacional de Pesquisa de Trigo apresentados na 15. Reuniao Nacional de Pesquisa de Trigo Passo Fundo, RS (Brasil): 1988. p. 155-169 [Summary (Pt); 15 ref.] (BR9211986-AMS) | ||
| 773 | 0 |
_tResultados de pesquisa do Centro Nacional de Pesquisa de Trigo apresentados na 15. Reuniao Nacional de Pesquisa de Trigo _wH20 BR9211986 _gPasso Fundo, RS (Brasil), 1988. p. 155-169 |
|
| 650 | _aTRIGO | ||
| 650 | _aDOENCA DE PLANTA | ||
| 650 | _aRAIZ | ||
| 650 | _aROTACAO DE CULTURA | ||
| 650 | _aRENDIMENTO | ||
| 650 | _aGRAO | ||
| 490 |
_aDocumentos - Centro Nacional de Pesquisa de Trigo (Brazil) _vno. 12 _xISSN 0101-6644 |
||
| 942 |
_cAMS _2AGRIS |
||
| 909 |
_a202506 _bLúcia _c55 _dLúcia Elande |
||
| 999 |
_c336393 _d336393 |
||